LEADER 01204nam0-2200289 --450 001 9910755700703321 005 20231121122401.0 010 $a978-88-7988-060-2 100 $a20231121d2008----kmuy0itay5050 ba 101 0 $amul 102 $aIT 105 $a 001yy 200 1 $a<>acqua nei secoli altomedievali$esettimane di studio della Fondazione Centro italiano di studi sull'alto Medioevo, 55.$e12-17 aprile 2007$fCentro italiano di studi sull'alto Medioevo 210 $aSpoleto$cCentro italiano di studi sull'alto Medioevo$d2008 215 $a2 v. (1382 p. complessive)$cill$d22 cm 225 1 $aSettimane di studio del Centro italiano di studi sull'alto Medioevo$v55 307 $a1.: XIV, 751 p., [6] carte di tav., [124] p. di tav. ; 2.: 754-1382 p., [6] carte di tav., [246] p. di tav. 676 $a333.91$v23$zita 710 02$aFondazione Centro italiano di studi sull'Alto Medioevo$0326531 801 0$aIT$bUNINA$gREICAT$2UNIMARC 901 $aBK 912 $a9910755700703321 952 $a940.1 CISAM 01 (55.1)$b2023/5183$fFLFBC 952 $a940.1 CISAM 01 (55.2)$b2023/5183$fFLFBC 959 $aFLFBC 996 $aAcqua nei secoli altomedievali$91108835 997 $aUNINA LEADER 05368nam 22008175 450 001 9910484152303321 005 20251226200422.0 010 $a3-642-40537-1 024 7 $a10.1007/978-3-642-40537-2 035 $a(CKB)3710000000019139 035 $a(SSID)ssj0001010855 035 $a(PQKBManifestationID)11550831 035 $a(PQKBTitleCode)TC0001010855 035 $a(PQKBWorkID)11003236 035 $a(PQKB)11445366 035 $a(DE-He213)978-3-642-40537-2 035 $a(MiAaPQ)EBC3093345 035 $a(PPN)172429617 035 $a(EXLCZ)993710000000019139 100 $a20130911d2013 u| 0 101 0 $aeng 135 $aurnn|008mamaa 181 $ctxt 182 $cc 183 $acr 200 10$aAutomated Reasoning with Analytic Tableaux and Related Methods $e22nd International Conference, TABLEAUX 2013, Nancy, France, September 16-19, 2013, Proceedings /$fedited by Didier Galmiche, Dominique Larchey-Wendling 205 $a1st ed. 2013. 210 1$aBerlin, Heidelberg :$cSpringer Berlin Heidelberg :$cImprint: Springer,$d2013. 215 $a1 online resource (X, 289 p. 34 illus.) 225 1 $aLecture Notes in Artificial Intelligence,$x2945-9141 ;$v8123 300 $aBibliographic Level Mode of Issuance: Monograph 311 08$a3-642-40536-3 327 $aInvited Talks -- Witness Runs for Counter Machines (Abstract) -- On the Duality of Proofs and Countermodels in Labelled Sequent Calculi -- A Brief Survey of Verified Decision Procedures for Equivalence of Regular Expressions -- Research Papers -- Dealing with Symmetries in Modal Tableaux -- Tableaux for Verification of Data-Centric Processes -- Bounded Proofs and Step Frames -- Compression of Propositional Resolution Proofs by Lowering Subproofs -- A Tableau System for Right Propositional Neighborhood Logic over Finite Linear Orders: An Implementation -- Hypersequent and Labelled Calculi for Intermediate Logics -- TATL: Implementation of ATL Tableau-Based Decision Procedure -- A Terminating Evaluation-Driven Variant of G3i -- Model Checking General Linear Temporal Logic -- Semantically Guided Evolution of SHI ABoxes -- Psyche: A Proof-Search Engine Based on Sequent Calculus with an LCF-Style Architecture -- Understanding Resolution Proofs through Herbrand?s Theorem -- A Labelled Sequent Calculus for BBI: Proof Theory and Proof Search -- A Refined Tableau Calculus with Controlled Blocking for the Description Logic SHOI -- Prefixed Tableau Systems for Logic of Proofs and Provability -- Correspondence between Modal Hilbert Axioms and Sequent Rules with an Application to S5 -- Schemata of Formulæ in the Theory of Arrays -- TAFA ? A Tool for Admissibility in Finite Algebras -- Formalizing Cut Elimination of Coalgebraic Logics in Coq -- Intelligent Tableau Algorithm for DL Reasoning. 330 $aThis book constitutes the refereed proceedings of the 22th International Conference on Automated Reasoning with Analytic Tableaux and Related Methods, TABLEAUX 2013, held in Nancy, France, in September 2013. The 20 revised research papers presented together with 4 system descriptions were carefully reviewed and selected from 38 submissions. The papers cover many topics as proof-theory in classical and non-classical logics, analytic tableaux for various logics, related techniques and concepts, e.g., model checking and BDDs, related methods (model elimination, sequent calculi, resolution, and connection method), new calculi and methods for theorem proving and verification in classical and non-classical logics, systems, tools, implementations and applications as well as automated deduction and formal methods applied to logic, mathematics, software development, protocol verification, and security. 410 0$aLecture Notes in Artificial Intelligence,$x2945-9141 ;$v8123 606 $aArtificial intelligence 606 $aMachine theory 606 $aComputer programming 606 $aSoftware engineering 606 $aComputer science$xMathematics 606 $aDiscrete mathematics 606 $aComputer science 606 $aArtificial Intelligence 606 $aFormal Languages and Automata Theory 606 $aProgramming Techniques 606 $aSoftware Engineering 606 $aDiscrete Mathematics in Computer Science 606 $aComputer Science Logic and Foundations of Programming 615 0$aArtificial intelligence. 615 0$aMachine theory. 615 0$aComputer programming. 615 0$aSoftware engineering. 615 0$aComputer science$xMathematics. 615 0$aDiscrete mathematics. 615 0$aComputer science. 615 14$aArtificial Intelligence. 615 24$aFormal Languages and Automata Theory. 615 24$aProgramming Techniques. 615 24$aSoftware Engineering. 615 24$aDiscrete Mathematics in Computer Science. 615 24$aComputer Science Logic and Foundations of Programming. 676 $a004.015113 702 $aGalmiche$b Didier$4edt$4http://id.loc.gov/vocabulary/relators/edt 702 $aLarchey-Wendling$b Dominique$4edt$4http://id.loc.gov/vocabulary/relators/edt 801 0$bMiAaPQ 801 1$bMiAaPQ 801 2$bMiAaPQ 906 $aBOOK 912 $a9910484152303321 996 $aAutomated Reasoning with Analytic Tableaux and Related Methods$92556460 997 $aUNINA